Podnikanie v cestovnom ruchu - podmienky, riziká, príležitosti bakalárska práca

Saved in:
Bibliographic Details
Main Author: Kolodziejová, Terézia
Corporate Author: Obchodná fakulta EU. Katedra služieb a cestovného ruchu - zrušené
Other Authors: Bažó, Ladislav, 1980-
Format: Book
Language:Slovak
Published: Bratislava 2017
Tags: Add Tag
No Tags, Be the first to tag this record!

MARC

LEADER 00000nbm a2200000 4500
001 0232869
005 20170807102736.8
041 0 |a slo 
044 |a SK 
245 1 0 |a Podnikanie v cestovnom ruchu - podmienky, riziká, príležitosti  |b bakalárska práca  |c Terézia Kolodziejová ; školiteľ: Ladislav Bažó 
264 1 |a Bratislava  |c 2017 
300 |a 49 s. 
100 1 |a Kolodziejová, Terézia 
700 1 |a Bažó, Ladislav, 1980- 
710 2 |a Obchodná fakulta EU. Katedra služieb a cestovného ruchu - zrušené